| 000 | 00602nam a2200193 a 4500 | ||
|---|---|---|---|
| 005 | 20140310183315.0 | ||
| 008 | 051027s19uu xx 00 eng d | ||
| 020 | _a9717330131 | ||
| 050 |
_aHD 2741 _b.Sa237 2005 |
||
| 100 | _aSantos, Emmanuel Tiu | ||
| 245 |
_aCorporate governance : _bconcepts, values and practices / _cEmmanuel Tiu Santos. |
||
| 260 |
_aPhilippines : _bInternational Academy of Management and Economics, _c2005. |
||
| 300 |
_a368 p. : _c24 cm. |
||
| 521 | _aBSBA | ||
| 650 |
_aCorporate governance _xPhilippines. |
||
| 942 |
_cBK _2lcc _kLOC |
||
| 999 |
_c21263 _d21263 |
||